Titre de manga selon leur personnage principal - Statistiques

Statistiques générales
  • Ce quiz a été pris 8 543 fois
    8 537 depuis la dernière actualisation
  • Le résultat moyen est 9 sur 20
Statistiques - réponses
Hint Réponse % Correct
Goku Dragon Ball
99%
Naruto Uzumaki Naruto
87%
Light Yagami Death Note
84%
Natsu Dragnir Fairy Tail
79%
Eikichi Onizuka GTO
76%
Meliodas Seven Deadly Sins
76%
Edward Elric Fullmetal Alchemist
70%
Guts Berserk
60%
Seiya de Pégase Saint Seiya
57%
Shoyo Hinata Haikyuu
56%
Jonhatan Joestar Jojo's Bizarre Adventure
51%
Rin Okumura Blue Exorcist
40%
Shinichi Kudo Détective Conan
21%
Shinji Ikari Evangelion
21%
Sena Kobayakawa Eye Shield 21
18%
Maka Albarn Soul Eater
15%
Joe Yabuki Ashita no Joe
13%
Oscar François de Jarjayes La Rose de Versailles
10%
Oz Vessalius Pandora Hearts
9%
Yota Motéuchi Video Girl Ai
3%
Aucun quiz correspondant
Distribution des résultats
% des personnes avec chaque résultat
Percentile par nombre de réponses
Votre historique - résultats
Vous n’avez pas pris ce quiz depuis la dernière actualisation